Psychologický prístup k otázke riadenia sebavzdelávania dospelých

Bibliographic Details
Main Author: Grác, Ján, 1930- (Author)
Format: Article
Language:Slovak
Subjects:

MARC

LEADER 00000nab a2200000 a 4500
001 vtls000023784
003 SK-MaSNL
005 20260303031017.0
008 111103c1979 xo 0 slo
015 |a SNBRB19rr/mm-uuuuu 
035 |a CL0033878 
040 |a SNKBUCL  |b slo  |c SNKBUCL  |e AACR2 
041 0 |a slo 
044 |a xo  |c SK 
080 |a 374  |2 1981 
080 |a 159.93/.96  |2 1981 
100 1 |a Grác, Ján,  |d 1930-  |4 aut  |9 38241 
245 1 0 |a Psychologický prístup k otázke riadenia sebavzdelávania dospelých  |c Ján Grác 
650 0 7 |a vzdelávanie dospelých  |2 snkbucl  |9 4999 
655 7 |a články z novín a časopisov  |2 snkbucl  |9 267496 
773 0 |t Osvetová práca  |g Roč. 29, č. 6 (1979), s. 11-13 
850 |a Slovenská národná knižnica v Martine  |a MTA001 
852 |a SNK  |b KIS3GCP 
958 |a RK 
992 |a RBX 
999 |c 1655434  |d 1657364